00649nam a2200169Ia 4500003000400000008004100004040001600045082001800061100006500079245015000144260006100294300001100355490000500366650003600371650001900407650005300426GCL140319s9999 xx 000 0 ara d aGCL / cGCL04a347.06bع ت1 aعبدالفتاح مرادvReviewer@مراجع10aالتخقيق الجنائى العملى فى الشريعة الاسلامية والقانون الوضعى / cعبدالفتاح مراد a[S.N] : bمؤسسة شباب الجامعة ، c1989 a543 ص a04aالقانون الجنائى04aالقانون04aقانون الاجراءات الجنائية